Kedai komik Ein

Bibliographic Details
Main Author: Noor Azaniah Noor Azmi
Format: Book
Published: KL : Synergy Media Sdn. Bhd , [s.n]
Series:Novel Sekolah Menengah; 9
Subjects:

MARC

LEADER 00000cam a2200000 7i4500
001 0000040017
005 20160330.0
008 140306
020 |a 9674440534 
090 0 0 |a NOO   |b MAL 
100 0 |a Noor Azaniah Noor Azmi 
245 1 0 |a Kedai komik Ein   |c Noor Azaniah Noor Azmi 
260 |a KL :   |b Synergy Media Sdn. Bhd ,   |c [s.n] 
440 |a Novel Sekolah Menengah; 9 
500 |a Teenager ages 13-18 years old (blue) 
650 0 |a Malay fiction 
999 |a 0001274717   |b Book   |c Teenagers   |e Cawangan Tmn. Ungku Tun Aminah 
999 |a 0001274724   |b Book   |c Teenagers   |e Cawangan Mersing 
999 |a 0001279310   |b Book   |c Teenagers   |e Perbadanan Perpustakaan Awam Johor 
999 |a 0001279311   |b Book   |c Teenagers   |e Perbadanan Perpustakaan Awam Johor